000 00225nam a22000977a 4500
999 _c519855
_d519855
082 _aTNC A6x5444 Ch114
100 _aChenoy, Shama mitra
_931083
245 _aShahjahabad
260 _aNew Delhi
_bNehru Memorial
300 _a53p.